Statystyki dla Największe polskie miasta bez liter: "a", "e", "o"

Kliknij tutaj aby rozwiązać quiz!

Ogólne statystyki

  • Ten quiz został rozwiązany 59 razy
  • Średni wynik to 4 z 7

Statystyki odpowiedzi

Liczba ludnościMiasto% Poprawnych
672185Łódź
96%
338586Lublin
81%
71710Lubin
47%
126871Tychy
43%
137128Rybnik
40%
89780Słupsk
28%
93564Grudziądz
21%

Rozkład punktacji

Percentyl według liczby udzielonych odpowiedzi

Procent ludzi z każdym wynikiem

Twoja historia wyników

Nie rozwiązałeś tego quizu